The teachings of Jesus. (Record no. 5036)

000 -LEADER
fixed length control field 00543nam a2200181 a 4500
001 - CONTROL NUMBER
control field :::00002777$&:&@@
003 - CONTROL NUMBER IDENTIFIER
control field OkBaRHE
005 - DATE AND TIME OF LATEST TRANSACTION
control field 20000607103257.0
008 - FIXED-LENGTH DATA ELEMENTS--GENERAL INFORMATION
fixed length control field s1930 j 000 0 eng u
040 ## - CATALOGING SOURCE
Transcribing agency
100 1# - MAIN ENTRY--PERSONAL NAME
Personal name Rall, Harris Franklin, 1870-
245 14 - TITLE STATEMENT
Title The teachings of Jesus.
260 ## - PUBLICATION, DISTRIBUTION, ETC. (IMPRINT)
Place of publication, distribution, etc Nashville, TN., :
Name of publisher, distributor, etc Abingdonn Press
Date of publication, distribution, etc c1930
300 ## - PHYSICAL DESCRIPTION
Extent 224 p. ;
Dimensions 21 cm.
650 ## - SUBJECT ADDED ENTRY--TOPICAL TERM
Topical term or geographic name as entry element Jesus Christ Teacher
942 ## - ADDED ENTRY ELEMENTS (KOHA)
Source of classification or shelving scheme
Koha item type Books
Copies
Source of classification or shelving scheme Date last seen Price effective from Copy number Barcode Koha item type Lost status Date acquired Shelving location Withdrawn status Not for loan Damaged status Permanent Location Full call number
 2018-03-162010-04-1412777Books 2010-04-14General Stacks   RHEMA Bible Training CollegeBS 2415 .R37